ბათუმის შოთა რუსთაველის სახელმწიფო უნივერსიტეტის ბიბლიოთეკა

ბუნებრივ ენათა დამუშავება. კონფერენციის მასალები (ბიბ.ჩანაწერი № 51234)

000 -LEADER
fixed length control field 01052nam a2200253Ia 4500
001 - CONTROL NUMBER
control field 18194
003 - CONTROL NUMBER IDENTIFIER
control field GE_BSU
008 - FIXED-LENGTH DATA ELEMENTS--GENERAL INFORMATION
fixed length control field 181216s||||||||xx |||||||||||||| ||und||
040 ## - CATALOGING SOURCE
Transcribing agency GE_BSU
080 ## - UNIVERSAL DECIMAL CLASSIFICATION NUMBER
Universal Decimal Classification number 811.353.1(063)
245 ## - TITLE STATEMENT
Title ბუნებრივ ენათა დამუშავება. კონფერენციის მასალები
245 ## - TITLE STATEMENT
Remainder of title 2007 წლის 29-30 მაისი
245 ## - TITLE STATEMENT
Statement of responsibility, etc. რედ. ჭ.დათუკიშვილი
250 ## - EDITION STATEMENT
Edition statement არნოლდ ჩიქობავას ენათმეცნიერების ინ-ტი
260 ## - PUBLICATION, DISTRIBUTION, ETC.
Place of publication, distribution, etc. თბილისი
260 ## - PUBLICATION, DISTRIBUTION, ETC.
Name of publisher, distributor, etc. არნოლდ ჩიქობავას ენათმეცნიერების ინ-ტი
260 ## - PUBLICATION, DISTRIBUTION, ETC.
Date of publication, distribution, etc. 2007
300 ## - PHYSICAL DESCRIPTION
Extent 47გვ.26სმ.
520 ## - SUMMARY, ETC.
Summary, etc. ტექსტი ინგ.ენ.
653 ## - INDEX TERM--UNCONTROLLED
Uncontrolled term 2007 წლის 29-30 მაისი
653 ## - INDEX TERM--UNCONTROLLED
Uncontrolled term ბუნებრივ ენათა დამუშავება
942 ## - ADDED ENTRY ELEMENTS (KOHA)
Koha item type წიგნი
ეგზემპლარები
Withdrawn status Lost status Damaged status Not for loan Date acquired Barcode Date last seen Price effective from Koha item type
        2018-12-17 46375 2018-12-17 2018-12-17 წიგნი